| 000 | 00405nam a2200157Ia 4500 | ||
|---|---|---|---|
| 008 | 230312s9999||||xx |||||||||||||| ||und|| | ||
| 020 | _a0-13-856584-8 | ||
| 082 |
_a658.4038 _bMCL |
||
| 100 | _aMcleod, Raymond Jr. | ||
| 245 | 0 | _aManagement Information System | |
| 260 |
_bPrentice Hall _aNew Jersey _c1999 |
||
| 300 | _a654 | ||
| 546 | _aEng. | ||
| 650 |
_aManagement _vInformation Management |
||
| 942 | _cBK | ||
| 999 |
_c393 _d393 |
||